00633nam a22002057a 450000500170000001000120001702000220002903500120005103700160006304000120007908200160009110000250010724500920013226000350022427000430025930000200030250000510032265000280037365000260040120170124105923.0 aB-81278 c00.00a8186208267 aB-81278 bCen Lib/Ret aDPLbEN a327.54bPAN aPanda, Pramoda Kumar aMaking of India's foreign policy :bprime ministers and wars /cby Pramoda Kumar Panda aDelhib Raj Publicationsc2003 aR-115/2, Model Town-IIIbDelhie110009 a280p.c22cm(Hb) aIncludes bibliographical references and index aInternational relations aWar-Government policy